000 00641nam a2200253Ia 4500
003 OSt
005 20220918223345.0
006 a|||||r|||| 00| 0
007 ta
008 220917b |||||||| |||| 00| 0 eng d
024 _a222,087
037 _cTextual
040 _aARTS
_cARTS
_beng
041 _2eng
_aeng
082 _aR:(S:3), P3
100 _aGupta Bina
245 0 _aCIT consciousness
260 _aNew Delhi
_bOxford
_c2003
300 _axi, 203p
_ccm.
490 _aFoundations of philosophy in India
650 _aPHILOSOPHY
942 _hR:(S:3), P3
_cTEXL
_2CC
999 _c278261
_d278261